000 01240nam a2200229Ia 4500
001 18089
003 GE_BSU
008 181216s||||||||xx |||||||||||||| ||und||
040 _cGE_BSU
100 _aტრაპაიძე, ადა. ქურიძე,დალი
245 _aლათინური ენა იურისტებისათვის
245 _cრედ.: იამზე გაგუა
250 _aმე-2 შესწ. გამოც. ივანე ჯავახიშვილის სახ. თბილ. სახ. უნ-ტი. კლასიკური ფილოლოგიის, ბიზანტინისტიკისა და ნეოგრეცისტიკის ინ-ტი
260 _aთბილისი
260 _bლოგოსი
260 _c2004
300 _a319გვ. ; 20სმ.ცხრ.
520 _a(პროგრამა "ლოგოსი". პუბლ. და ღონისძ. კლასიკ. ფილოლ., ბიზანტ. და ნეოგრეც. სფეროში)
541 _h5ლ.
653 _aლათინური ენა იურისტებისათვის
942 _cBK
999 _c51132
_d51132